| 000 | 00894nam a2200229 i 4500 | ||
|---|---|---|---|
| 001 | 49159 | ||
| 003 | ES-MaACL | ||
| 005 | 20240203062543.0 | ||
| 007 | t| | ||
| 008 | 030710s1874 sp ||||1| spa d | ||
| 100 | 1 |
_aCorrochano y Casanova, Manuel María. _940790 |
|
| 245 | 1 | 0 |
_aDiscurso leído en el paraninfo de la Universidad Central el día 18 de octubre de 1874 en el acto solemne de recibir la investidura de doctor en Facultad de Medicina y Cirugía _b: por Manuel M. Corrochano y Casanova. |
| 260 |
_aMadrid : _b[s.n.], _c1874 ( _eMadrid : _fViuda e hijos de Alvarez) |
||
| 300 |
_a30 p. ; _c25 cm. |
||
| 500 | _aTítulo de la tesis: ¿Qué es el medicamento? | ||
| 502 | _aTesis doctoral. | ||
| 650 | 0 | 4 |
_aMedicamentos. _914884 |
| 710 | 2 |
_aUniversidad Central (Madrid) _97084 |
|
| 740 | 0 | _a¿Qué es el medicamento? | |
| 852 |
_aES-MaACL _jT-330-F-4 |
||
| 999 |
_c49159 _d49159 |
||